Home Print Resources E-Books E-Journals IIMT Lecture Series Library Membership Form Book Recommendation Form Campus Tour Take AdmissionAbout Us Contact Us

HASTINAPUR KAL AAJ UAR KAL (Record no. 68003)

000 -LEADER
fixed length control field 00404nam a22001577a 4500
003 - CONTROL NUMBER IDENTIFIER
control field OSt
005 - DATE AND TIME OF LATEST TRANSACTION
control field 20260428103628.0
008 - FIXED-LENGTH DATA ELEMENTS--GENERAL INFORMATION
fixed length control field 260428b |||||||| |||| 00| 0 eng d
020 ## - INTERNATIONAL STANDARD BOOK NUMBER
International Standard Book Number 978-93-49192-000
040 ## - CATALOGING SOURCE
Transcribing agency IIMT UNIVERSITY
100 ## - MAIN ENTRY--PERSONAL NAME
Personal name VIDHYALANKAR, YATINDRA KATIYAR
245 ## - TITLE STATEMENT
Title HASTINAPUR KAL AAJ UAR KAL
260 ## - PUBLICATION, DISTRIBUTION, ETC.
Place of publication, distribution, etc. GHAZIABAD
Name of publisher, distributor, etc. DEVPRABHA PRAKASHAN
Date of publication, distribution, etc. 2026
300 ## - PHYSICAL DESCRIPTION
Extent 83
942 ## - ADDED ENTRY ELEMENTS (KOHA)
Source of classification or shelving scheme
Koha item type Text-Book- for 7 days
Holdings
Withdrawn status Lost status Source of classification or shelving scheme Damaged status Not for loan Home library Current library Date acquired Source of acquisition Cost, normal purchase price Inventory number Full call number Barcode Date last seen Uniform Resource Identifier Price effective from Koha item type
          IIMT University Central Library Meerut IIMT University Central Library Meerut 04/28/2026 CHAIRMEN SIR 200.00 DONATED 954.22 VID 28-S-4995 04/28/2026 Historical-Mythological Essay 04/28/2026 Text-Book- for 7 days
IIMT, Central Library. All Rights Reserved IIMT,UNIVERSITY © 2023
Implemented and Customised by I CLOUDE EMS
You Are OPAC Visitor No
free web counter

Powered by Koha